| 000 | 01539 a2200205 4500 | ||
|---|---|---|---|
| 001 | 54371 | ||
| 005 | 20260407155816.0 | ||
| 008 | 260407a1973 arg spa d | ||
| 003 | AR-UNSa-BCEJYS | ||
| 040 |
_aAR-UNSa-BCEJYS _bspa _cAR-UNSa-BCEJYS |
||
| 080 |
_a342.25 _xCentralización y descentralización. Autonomía regional. Transferencia de poderes. Autonomía local (Home rule). Órganos locales del gobierno central |
||
| 245 | 1 | 0 | _aLa descentralización óptima |
| 020 | _a978-84-500-5772-0 | ||
| 264 | 1 |
_aMadrid : _bInstituto de Desarrollo Económico _c1973 |
|
| 300 |
_a402 p. _c19 cm. |
||
| 505 | _aI. Introducción general - Primera parte: Nuevos instrumentos para un nuevo enfoque - II. Los juegos de estrategia - III. El grupo antes la decisión - IV. Los esquemas de arbitraje equitativo - Segunda parte: Federalismo fiscal y la crisis de las haciendas menores - V. El sentido profundo de una crisis - VI. El complejo mundo teórico del federalismo fiscal - Tercera parte: Modelos de localización espacial y problemas conexos - VII. Elaboración en torno al universo tieboutiano de las haciendas menores - Cuarta parte: Descentralización y economías externas: El modelo de la descentralización cooperativa - VIII. Efectos externos inducidos intercomunitarios y la optimalidad paretiana - IX. Cooperación óptima y el comportamiento intercomunitario - Quinta parte: Conclusiones de síntesis - X. Algunos mensajes | ||
| 942 | _cBK | ||
| 590 | _aniveau_biblio:m niveau_hierar:0 | ||
| 100 | 1 | _aDominguez del Brio, Francisco | |
| 999 |
_c5531 _d5531 |
||